|
|
|
|
| LEADER |
00000cam a2200000 4500 |
| 001 |
vtls012236667 |
| 003 |
SK-MaSNL |
| 005 |
20260426005903.0 |
| 008 |
230809s2023 xo o g n 000 0 slo |
| 015 |
|
|
|a SNBA2023/10
|
| 020 |
|
|
|a 9788089902323
|q (brožované)
|
| 040 |
|
|
|a SNK
|b slo
|c SNK
|e rda
|
| 041 |
0 |
|
|a slo
|
| 043 |
|
|
|a e-xo---
|
| 044 |
|
|
|a xo
|c SK
|
| 072 |
|
7 |
|a 551
|x Geológia. Meteorológia. Klimatológia
|2 konspekt
|
| 080 |
|
|
|a 551.4
|2 2011
|
| 080 |
|
|
|a (437.641)
|2 2011
|
| 080 |
|
|
|a (437.613)
|2 2011
|
| 080 |
|
|
|a (437.612)
|2 2011
|
| 080 |
|
|
|a (437.611)
|2 2011
|
| 080 |
|
|
|a (437.614)
|2 2011
|
| 080 |
|
|
|a (437.642)
|2 2011
|
| 080 |
|
|
|a (437.672)
|2 2011
|
| 080 |
|
|
|a (437.671)
|2 2011
|
| 080 |
|
|
|a (048.8)
|2 2011
|
| 080 |
|
|
|a 551.1/.4
|2 2011
|
| 100 |
1 |
|
|a Bizubová, Mária,
|d 1945-
|4 aut
|9 200440
|
| 245 |
1 |
0 |
|a Geodiverzita Slovenska
|b vybrané geolokality Slovenska
|c Mária Bizubová
|
| 246 |
3 |
0 |
|a Vybrané geolokality Slovenska
|
| 250 |
|
|
|a Vydanie: prvé
|
| 264 |
|
1 |
|a Žilina
|b IPV Inštitút priemyselnej výchovy
|c 2023
|
| 300 |
|
|
|a 196 strán
|b farebné fotografie
|c 25 cm
|
| 336 |
|
|
|a text
|b txt
|2 rdacontent
|
| 336 |
|
|
|a statický obraz
|b sti
|2 rdacontent
|
| 337 |
|
|
|a bez média
|b n
|2 rdamedia
|
| 338 |
|
|
|a zväzok
|b nc
|2 rdacarrier
|
| 500 |
|
|
|a Hrebeňová väzba
|
| 504 |
|
|
|a Obsahuje bibliografiu na strane 194-196
|
| 650 |
0 |
7 |
|a geomorfológia
|2 SNKPH
|9 22491
|
| 650 |
0 |
7 |
|a geodiverzita
|2 SNKPH
|9 660365
|
| 650 |
0 |
7 |
|a Geomorphology
|2 SNKPHeng
|9 265633
|
| 650 |
0 |
7 |
|a Geology
|2 SNKPHeng
|9 267026
|
| 650 |
0 |
7 |
|a geológia
|2 SNKPH
|9 167377
|
| 651 |
|
7 |
|a Žilinský kraj (Slovensko)
|2 SNKPHgeo
|9 161162
|
| 651 |
|
7 |
|a Trenčiansky kraj (Slovensko)
|2 SNKPHgeo
|9 162428
|
| 651 |
|
7 |
|a Trnavský kraj (Slovensko)
|2 SNKPHgeo
|9 161509
|
| 651 |
|
7 |
|a Bratislavský kraj (Slovensko)
|2 SNKPHgeo
|9 160207
|
| 651 |
|
7 |
|a Nitriansky kraj (Slovensko)
|2 SNKPHgeo
|9 161510
|
| 651 |
|
7 |
|a Banskobystrický kraj (Slovensko)
|2 SNKPHgeo
|9 161506
|
| 651 |
|
7 |
|a Košický kraj (Slovensko)
|2 SNKPHego
|9 161505
|
| 651 |
|
7 |
|a Prešovský kraj (Slovensko)
|2 SNKPHgeo
|9 161504
|
| 651 |
|
7 |
|a Žilina Region (Slovakia)
|2 SNKNB
|2 SNKPHeng
|9 267380
|
| 651 |
|
7 |
|a Trenčín Region (Slovakia)
|2 SNKNB
|2 SNKPHeng
|9 267508
|
| 651 |
|
7 |
|a Trnava Region (Slovakia)
|2 SNKNB
|2 SNKPHeng
|9 266190
|
| 651 |
|
7 |
|a Bratislava Region (Slovakia)
|2 SNKNB
|2 SNKPHeng
|9 276051
|
| 651 |
|
7 |
|a Nitra Region (Slovakia)
|2 SNKNB
|2 SNKPHeng
|9 270846
|
| 651 |
|
7 |
|a Banská Bystrica Region (Slovakia)
|2 SNKPHeng
|9 265819
|
| 651 |
|
7 |
|a Košice Region (Slovakia)
|2 SNKPHeng
|9 248614
|
| 651 |
|
7 |
|a Prešov Region (Slovakia)
|2 SNKPHeng
|9 266393
|
| 655 |
|
7 |
|a monografie
|2 SNKPH
|9 70139
|
| 655 |
|
7 |
|a Monographs
|2 SNKPHeng
|9 120675
|
| 852 |
|
|
|a Slovenská národná knižnica
|
| 919 |
|
|
|a 978-80-89902-32-3
|
| 954 |
|
|
|a odborná, vedecká literatúra pôvodná (slovenská)
|2 lita
|
| 958 |
|
|
|a NB
|
| 999 |
|
|
|c 1019468
|d 1021398
|
| 952 |
|
|
|a SNK
|b SNK
|y PREZ
|7 0
|p 17A1533197
|o snkSC 203189
|i snk2023/11869
|8 0
|0 0
|1 0
|4 0
|d 2023-08-09
|l 0
|r 2025-10-27 00:00:00
|w 2026-02-24
|